| 000 | 01206nam a2200265Ia 4500 | ||
|---|---|---|---|
| 999 |
_c49364 _d49364 |
||
| 001 | 16281 | ||
| 003 | GE_BSU | ||
| 005 | 20200901142619.0 | ||
| 008 | 181216s2014||||ge |||||||||||||| ||geo|| | ||
| 016 | _2geo | ||
| 020 | _a9789941936258 | ||
| 040 | _cGE_BSU | ||
| 041 | _ageo | ||
| 080 | _a341.215.2 + 339.92 გ-43 | ||
| 100 |
_aგეფერიძე, დ. (დავით) _99366 |
||
| 245 |
_aსაერთაშორისო ორგანიზაციების სამართალი და ტრანსნაციონალური კორპორაციები / _cდავით გეფერიძე, ავთანდილ ხაზალია. |
||
| 250 | _aმე-2 გადამუშავებული გამოცემა | ||
| 264 |
_aთბილისი : _bბონა კაუზა, _c2014. |
||
| 300 |
_a340 გვ; _b20 სმ. |
||
| 504 | _aბიბლიოგრ.: გვ. 333-339 და ტექსტის შენიშვნებში | ||
| 541 | _h20ლ. | ||
| 653 | _aსამართალი | ||
| 700 |
_aხაზალია, ავთანდილ _eავტორი _99367 |
||
| 942 |
_cBK _2udc |
||